Slovenská národná bibliografia Rozpisový rad Články

Gespeichert in:
Bibliographische Detailangaben
Format: Schriftenreihe
Sprache:Slowakisch
Veröffentlicht: Martin Matica slovenská 1989
Tags: Tag hinzufügen
Keine Tags, Fügen Sie das erste Tag hinzu!

MARC

LEADER 00000nas2a2200000 4500
001 s041282
005 20260121105503.0
041 0 |a slo 
044 |a SK 
245 1 0 |a Slovenská národná bibliografia  |b Rozpisový rad Články 
264 1 |a Martin  |b Matica slovenská  |c 1989 
300 |a 3 zv. 
773 0 |w eu_un_cat*s121016